000 00315nam a22001457a 4500
008 210602b ||||| |||| 00| 0 eng d
020 _a9780781754842
041 _aeng
080 _213th
_a61
082 _a61
100 _a3
101 _aSHM
245 _aGrant's Diddector
_cPatrick W. Tank
942 _2udc
_cBK
999 _c57904
_d57904